| 000 | 00000nas 2200000za 4500 |
| 001 | 9.829648 |
| 003 | CaOODSP |
| 005 | 20221107145334 |
| 007 | cr ||||||||||| |
| 008 | 161228d19501959oncar p oss f0###a0eng|d |
| 040 | |aCaOODSP|beng |
| 043 | |an-cn--- |
| 086 | 1 |aCS42-203E-PDF |
| 245 | 04|aThe aircraft and parts industry |h[electronic resource]. |
| 260 | |aOttawa : |bDominion Bureau of Statistics, Industry and Merchandising Division, Mining, Metallurgical and Chemical Section, |c[1951?]-1961. |
| 310 | |aAnnual |
| 362 | 0 |a[1951?]-1961. |
| 500 | |aIssues for 1950, 1954-1957 called also v. 2, pt. XIII, B-1; 1951-1953 called also v. 2, pt. XI, B-1. |
| 500 | |aDigitized edition from print [produced by Statistics Canada]. |
| 520 | |aPrincipal statistics of the aircraft industry, including number of plants, average number of employees, salaries and wages, cost of fuel and electricity, cost of materials and gross selling value. |
| 550 | |aIssued 1953-1956 by Metal and Chemical Products Section; 1957-1959 by Industry and Merchandising Division. |
| 692 | 07|2gccst|aAircraft |
| 692 | 07|2gccst|aStatistics |
| 710 | 1 |aCanada. |bDominion Bureau of Statistics. |bMining, Metallurgical and Chemical Section. |
| 710 | 1 |aCanada. |bDominion Bureau of Statistics. |bMetal and Chemical Products Section. |
| 710 | 1 |aCanada. |bDominion Bureau of Statistics. |bIndustry and Merchandising Division. |
| 780 | 00|tThe aircraft industry |w(CaOODSP)9.829645 |
| 785 | 00|tAircraft and aircraft parts manufacturers |w(CaOODSP)9.829651 |